000 01745cam a22004694i 4500
003 PE-LiUPU
005 20250731173050.0
008 180108s2016 xxu0 r0 000 0 eng d
020 _a9780310526445
035 _a(Sirsi) a240884
040 _aPE-LiUPU
_bspa
_cPE-LiUPU
_erda
049 _aPRUA
082 0 4 _a231.7652
_bL21
_223
100 1 _aLamoureux, Denis O.,
_eautor.
245 1 0 _aEvolution :
_bscripture and nature say yes /
_cDenis O. Lamoureux.
264 1 _aMichigan :
_bZondervan;
_c2016
300 _a196 páginas :
_bilustraciones ;
_c22 centímetros
336 _atext
_2rdacontent
337 _aunmediated
_2rdamedia
338 _avolume
_2rdacarrier
505 0 _aTrapped in "either/or" thinking -- Opening God's two books -- Terms that begin to free us -- Intelligent design and the book of God's works -- Ancient science and the book of God's words -- Moving beyond the "evolution" vs. "creation" debate -- Galileo and God's two books -- The religious evolution of Darwin -- Let the students speak!.
526 _aSEG42
526 _aSEG41
526 _aSEG40
526 _aSEG39
526 _aP94
526 _aP87
526 _aP86
526 _aP85
526 _aP77
526 _aP76
526 _aP35
650 0 4 _aEvolution.
650 0 4 _aBible and evolution.
650 0 4 _aEvolución.
_9946
650 0 4 _aBiblia y evolución.
910 _adbm
_bksl
_cksl
_d20180108
596 _a1
942 _2ddc
_cBOOK
999 _a231.7652 L21
_wLC
_c26579
_i77928
_d26579
_e2019-9-2
_f2021-11-9
_g4
_lCCODEBUL1
_mBUL
_n1
_p10.20
_q4
_r0
_sY
_tBOOK
_u2018-1-8
_xTEOLOGIA
_PP85
_0COMPRA
_o.STAFF. Colección Teología
980 _81
_gALBERTO SANCHEZ Responsable de Automatización